[Event "Autunno Scacchistico Magistrale"]
[Site "Venezia ITA"]
[Date "2004.11.01"]
[Round "5"]
[White "Boricsev, Oleg"]
[Black "Genna, Jose' Miguel"]
[Result "1-0"]
[WhiteElo "2396"]
[BlackElo "2215"]
[PlyCount "143"]
[EventDate "2004.10.29"]

1. e4 e6 2. d4 d5 3. e5 c5 4. c3 Nc6 5. Nf3 Qb6 6. a3 c4 7. Nbd2 Bd7 8. Be2
Nge7 9. Bxc4 Ng6 10. Ba2 f6 11. O-O fxe5 12. Nxe5 Ngxe5 13. dxe5 Nxe5 14. Qh5+
Nf7 15. Bxd5 exd5 16. Re1+ Be7 17. Nf3 Kf8 18. Qxd5 Qd6 19. Qxb7 Bc6 20. Qa6
Bxf3 21. Qxd6 Bxd6 22. gxf3 Ne5 23. Kg2 Kf7 24. Bf4 Rhe8 25. Re4 Re7 26. Rd1
Bc7 27. Bg5 Rae8 28. Bxe7 Rxe7 29. c4 Ng6 30. c5 Be5 31. b4 Rc7 32. Rd5 Kf6 33.
Kg1 Bb2 34. a4 Ba3 35. Rd6+ Kf5 36. c6 Nf4 37. Rd7 Rxc6 38. Rf7+ Rf6 39. Rxf6+
gxf6 40. Re7 a5 41. Rxh7 Bxb4 42. h4 Kg6 43. Rh8 Ne2+ 44. Kg2 Nc3 45. f4 Nxa4
46. f5+ Kg7 47. Rb8 Nc5 48. Kf3 Nb3 49. Ra8 Nc5 50. Kg4 Kh6 51. Rh8+ Kg7 52.
Ra8 Kh6 53. Rb8 Bc3 54. Rh8+ Kg7 55. Rc8 Bd4 56. Kh5 a4 57. Rc7+ Kf8 58. Kg6 a3
59. Rf7+ Ke8 60. Ra7 Bxf2 61. h5 Nd7 62. Ra8+ Ke7 63. h6 Ne5+ 64. Kg7 Nf7 65.
Rxa3 Nxh6 66. Kxh6 Bd4 67. Kg7 Be5 68. Ra7+ Ke8 69. Rf7 Bd4 70. Rxf6 Bxf6+ 71.
Kxf6 Kf8 72. Ke6 1-0

[Event "Autunno Scacchistico Magistrale"]
[Site "Venezia ITA"]
[Date "2004.11.01"]
[Round "5"]
[White "Del Monaco, Andrea"]
[Black "Fattorelli, Luciano"]
[Result "1-0"]
[WhiteElo "2218"]
[BlackElo "2107"]
[PlyCount "102"]
[EventDate "2004.10.29"]

1. e4 d6 2. d4 Nf6 3. f3 e5 4. dxe5 dxe5 5. Qxd8+ Kxd8 6. Bc4 Ke8 7. Be3 Nbd7
8. a4 Bc5 9. Kf2 Ke7 10. a5 Bxe3+ 11. Kxe3 Nc5 12. b4 Be6 13. Na3 Ncd7 14. Ne2
Rhd8 15. Bxe6 Kxe6 16. Rhd1 Nf8 17. Rxd8 Rxd8 18. a6 bxa6 19. Nc4 N8d7 20.
Rxa6+ Nb6 21. Nb2 Ra8 22. c4 Ke7 23. c5 Nbd7 24. Nd3 Ne8 25. Nc3 Nb8 26. Ra2 f6
27. g3 c6 28. h4 Nc7 29. f4 Nd7 30. f5 a6 31. g4 Rd8 32. Ne2 h6 33. Nec1 Nb8
34. Rg2 Rh8 35. Nb3 Nb5 36. Nb2 Rd8 37. g5 hxg5 38. hxg5 Kf7 39. g6+ Kg8 40.
Rg1 Kf8 41. Rh1 Ke7 42. Rh7 Rg8 43. Nc4 Kd7 44. Nba5 Kc7 45. Nxe5 fxe5 46. f6
Nd7 47. f7 Rf8 48. Rxg7 Nf6 49. Rh7 Nxh7 50. g7 Rxf7 51. g8=Q Re7 1-0

[Event "Autunno Scacchistico Magistrale"]
[Site "Venezia ITA"]
[Date "2004.11.01"]
[Round "5"]
[White "Doric, Darko"]
[Black "Miladinovic, Igor"]
[Result "1/2-1/2"]
[WhiteElo "2324"]
[BlackElo "2611"]
[PlyCount "76"]
[EventDate "2004.10.29"]

1. d4 d5 2. c4 Bf5 3. Nc3 e6 4. Nf3 Nc6 5. Bg5 Nge7 6. e3 Qd7 7. Bxe7 Bxe7 8.
Be2 dxc4 9. Bxc4 a6 10. O-O O-O 11. Rc1 Bd6 12. Bd3 e5 13. Bxf5 Qxf5 14. dxe5
Nxe5 15. Nxe5 Bxe5 16. f4 Bxc3 17. Rxc3 c6 18. Qc2 Qe6 19. Qb3 Qe7 20. Rd1 Rae8
21. Qb6 h5 22. a4 Rd8 23. Rcd3 Rxd3 24. Rxd3 Re8 25. a5 c5 26. h3 h4 27. b3 Kh7
28. Kf2 Qe4 29. Rc3 f5 30. Qxc5 Rd8 31. Rc2 Rd3 32. b4 Rb3 33. Re2 Rxb4 34. Qd6
Rb5 35. Qd8 Rd5 36. Qxh4+ Kg8 37. Qg5 Qa4 38. Qg6 Qxa5 1/2-1/2

[Event "Autunno Scacchistico Magistrale"]
[Site "Venezia ITA"]
[Date "2004.11.01"]
[Round "5"]
[White "Faccia, Sergio"]
[Black "Gonzales, Guillermo"]
[Result "1/2-1/2"]
[WhiteElo "2005"]
[BlackElo "1976"]
[PlyCount "155"]
[EventDate "2004.10.29"]

1. e4 c5 2. b4 d5 3. exd5 Qxd5 4. Nc3 Qe6+ 5. Qe2 cxb4 6. Nb5 Na6 7. Nf3 Qxe2+
8. Bxe2 Nf6 9. a3 e6 10. axb4 Bxb4 11. c3 Bc5 12. d4 Be7 13. Rxa6 bxa6 14. Nc7+
Kd8 15. Nxa8 Rf8 16. Ne5 Bb7 17. Bf3 Kc8 18. Bf4 Bxf3 19. Nxf3 Nh5 20. Be5 f6
21. Bc7 Kb7 22. Kd2 Rxa8 23. Ba5 Bd8 24. Bb4 Bc7 25. g3 a5 26. Ba3 Rd8 27. c4
Kc6 28. Re1 Kd7 29. Kc3 a4 30. Bb4 a5 31. Bc5 Rb8 32. Nd2 e5 33. d5 f5 34. Ra1
Nf6 35. h3 g5 36. Rxa4 h5 37. Ra2 g4 38. hxg4 hxg4 39. Be3 Bd6 40. Kc2 Bb4 41.
Nb3 Rc8 42. Kd3 Nxd5 43. cxd5 Rc3+ 44. Ke2 Rxb3 45. Bb6 Kd6 46. Bxa5 Kxd5 47.
Bb6 Ke4 48. Rc2 Bc3 49. Ba7 Bd4 50. Bxd4 Kxd4 51. Rd2+ Ke4 52. Ra2 Kd4 53. Rd2+
Kc4 54. Rc2+ Rc3 55. Ra2 Kb3 56. Ra5 Rc2+ 57. Ke3 Rc3+ 58. Ke2 f4 59. gxf4 exf4
60. Rg5 f3+ 61. Kd2 Rc2+ 62. Ke1 Re2+ 63. Kd1 Re4 64. Kd2 Rd4+ 65. Ke3 Rc4 66.
Rg8 Kc2 67. Rg7 Kd1 68. Ra7 Rc2 69. Ra1+ Rc1 70. Ra4 Rc3+ 71. Kf4 Ke1 72. Kg3
Rc2 73. Ra1+ Ke2 74. Ra4 Rc1 75. Ra2+ Kf1 76. Kxg4 Kg2 77. Kf4 Re1 78. Ra3
1/2-1/2

[Event "Autunno Scacchistico Magistrale"]
[Site "Venezia ITA"]
[Date "2004.11.01"]
[Round "5"]
[White "Fantini, Lorenzo"]
[Black "Petruk, Mykola"]
[Result "0-1"]
[WhiteElo "2117"]
[BlackElo "2009"]
[PlyCount "92"]
[EventDate "2004.10.29"]

1. e4 d5 2. exd5 Qxd5 3. Nc3 Qa5 4. d4 c6 5. Nf3 Bg4 6. Be2 Nf6 7. O-O e6 8. h3
Bh5 9. Bd2 Qc7 10. Re1 Nbd7 11. Be3 Bd6 12. Nd2 Bg6 13. a3 O-O 14. Bf3 Rad8 15.
Nde4 Bf4 16. Bxf4 Qxf4 17. Ne2 Qc7 18. N2g3 c5 19. dxc5 Nxe4 20. Nxe4 Nxc5 21.
Qe2 Nxe4 22. Bxe4 Bxe4 23. Qxe4 Rd2 24. Re2 Rfd8 25. Rxd2 Rxd2 26. Qa4 h6 27.
Rc1 a6 28. Qb4 Qd7 29. Qe4 Qc7 30. Qb4 Qd7 31. Qe4 Qb5 32. Qf4 Qe2 33. b4 e5
34. Qf5 g6 35. Qc8+ Kg7 36. Qc5 b5 37. Qb6 h5 38. h4 e4 39. Qc5 Kh7 40. Qa7 Qc4
41. Qe7 Qd5 42. Qf6 e3 43. f3 e2 44. Re1 Rd1 45. Qc3 Rxe1+ 46. Qxe1 Qd4+ 0-1

[Event "Autunno Scacchistico Magistrale"]
[Site "Venezia ITA"]
[Date "2004.11.01"]
[Round "5"]
[White "Foglia, Maurizio"]
[Black "Navarro, Stefano"]
[Result "0-1"]
[WhiteElo "2075"]
[BlackElo "2177"]
[PlyCount "64"]
[EventDate "2004.10.29"]

1. Nf3 d5 2. b3 Nf6 3. Bb2 e6 4. e3 Bd6 5. d4 Nbd7 6. Be2 c6 7. Nbd2 Qe7 8. c4
e5 9. dxe5 Nxe5 10. cxd5 Nxd5 11. O-O O-O 12. Nd4 Rd8 13. Qb1 Bc7 14. Rd1 a6
15. Nf1 f6 16. Nf5 Qe8 17. N1g3 Be6 18. Qe4 Bf7 19. Qh4 Bg6 20. f4 Bxf5 21.
Nxf5 Ng6 22. Qg3 Bxf4 23. exf4 Qxe2 24. Bd4 Qe4 25. Nxg7 Kxg7 26. f5 Qxf5 27.
Rf1 Qe4 28. Rad1 Rf8 29. Qd6 Rad8 30. Qc5 Ngf4 31. Rxf4 Qxf4 32. Rf1 Qe4 0-1

[Event "Autunno Scacchistico Magistrale"]
[Site "Venezia ITA"]
[Date "2004.11.01"]
[Round "5"]
[White "Gallo, Enrico"]
[Black "Cedriano, Filippo"]
[Result "1/2-1/2"]
[WhiteElo "2159"]
[BlackElo "2062"]
[PlyCount "91"]
[EventDate "2004.10.29"]

1. e4 c5 2. Nc3 g6 3. f4 Bg7 4. Nf3 d6 5. Bc4 e6 6. O-O Ne7 7. Qe1 Nbc6 8. d3
a6 9. a4 O-O 10. g4 d5 11. Ba2 Rb8 12. Kh1 b5 13. axb5 axb5 14. f5 dxe4 15.
dxe4 exf5 16. Ng5 h6 17. gxf5 gxf5 18. Nxf7 Rxf7 19. Bxf7+ Kxf7 20. Bf4 Ne5 21.
Rd1 Qb6 22. Rg1 Ng4 23. Rxg4 fxg4 24. Bxb8 Qxb8 25. Qf2+ Bf6 26. Qxc5 b4 27.
Ne2 Ba6 28. Qh5+ Kg7 29. Qxg4+ Bg5 30. Ng3 Bc8 31. Qf3 Be6 32. Rf1 Ng6 33. Nf5+
Kh7 34. Nd4 Qe5 35. Nxe6 Qxe6 36. Qf7+ Qxf7 37. Rxf7+ Kg8 38. Rb7 Be7 39. Kg2
Kf7 40. Kf2 Ke6 41. Rb6+ Bd6 42. Ke3 Ne5 43. Kd4 Nf3+ 44. Kc4 Nxh2 45. Rb5 Ng4
46. Rh5 1/2-1/2

[Event "Autunno Scacchistico Magistrale"]
[Site "Venezia ITA"]
[Date "2004.11.01"]
[Round "5"]
[White "Groszpeter, Attila"]
[Black "Mufic, Goran"]
[Result "1-0"]
[WhiteElo "2514"]
[BlackElo "2320"]
[PlyCount "52"]
[EventDate "2004.10.29"]

1. e4 c5 2. Nf3 Nc6 3. d4 cxd4 4. Nxd4 g6 5. c4 Bg7 6. Be3 Nf6 7. Nc3 O-O 8.
Be2 d6 9. O-O Bd7 10. Rc1 a5 11. f3 Nxd4 12. Bxd4 a4 13. Re1 Bc6 14. b4 axb3
15. axb3 Nd7 16. b4 Bxd4+ 17. Qxd4 Qb6 18. Qxb6 Nxb6 19. e5 Rfd8 20. exd6 exd6
21. Bf1 Kf8 22. Rcd1 Rac8 23. Rd4 f5 24. Re6 Ra8 25. Rexd6 Rxd6 26. Rxd6 Ra3
1-0

[Event "Autunno Scacchistico Magistrale"]
[Site "Venezia ITA"]
[Date "2004.11.01"]
[Round "5"]
[White "Mileto, Gabriele"]
[Black "Caligara, Roberto"]
[Result "1-0"]
[WhiteElo "2206"]
[BlackElo "1939"]
[PlyCount "61"]
[EventDate "2004.10.29"]

1. Nf3 Nf6 2. c4 d6 3. d4 Nbd7 4. Nc3 e5 5. e4 c6 6. Be2 Qc7 7. O-O Be7 8. Re1
h6 9. Rb1 Nf8 10. b4 g5 11. d5 Ng6 12. Qc2 g4 13. Nd2 Nf4 14. Nf1 N6h5 15. Be3
Bg5 16. c5 Ng7 17. cxd6 Qxd6 18. dxc6 Qg6 19. cxb7 Bxb7 20. Bc5 Be7 21. Qa4+
Kf8 22. Qd7 Bxc5 23. Qxb7 Bd4 24. Qxa8+ Ne8 25. Rbc1 Kg7 26. Nd1 Nf6 27. Qc6 h5
28. Nde3 h4 29. Bxg4 Qg5 30. h3 Rh6 31. Nf5+ 1-0

[Event "Autunno Scacchistico Magistrale"]
[Site "Venezia ITA"]
[Date "2004.11.01"]
[Round "5"]
[White "Opacic, Alexandar"]
[Black "Kasparov, Sergey"]
[Result "0-1"]
[WhiteElo "2105"]
[BlackElo "2468"]
[PlyCount "121"]
[EventDate "2004.10.29"]

1. e4 c6 2. d4 d5 3. Nc3 dxe4 4. Nxe4 Bf5 5. Ng3 Bg6 6. h4 h6 7. N1e2 e6 8. Nf4
Bh7 9. c3 Nf6 10. Bd3 Bxd3 11. Qxd3 Nbd7 12. Bd2 Qc7 13. O-O-O O-O-O 14. Ne4
Nxe4 15. Qxe4 Nf6 16. Qf3 c5 17. dxc5 Bxc5 18. Be3 a6 19. Nd3 Bxe3+ 20. Qxe3
Rd5 21. f3 Rhd8 22. Nf4 R5d6 23. Rxd6 Qxd6 24. Re1 Nd5 25. Nxd5 Qxd5 26. b3 Qd6
27. Qf2 Qa3+ 28. Kb1 Rd3 29. Qc2 Qd6 30. Re2 h5 31. Kb2 Qd8 32. a3 Rd7 33. Qe4
Rd2+ 34. Rxd2 Qxd2+ 35. Qc2 Qe1 36. b4 Qxh4 37. a4 g6 38. Qd2 Qe7 39. a5 Qd7
40. Qe3 Qd5 41. Qh6 Kd7 42. Qf8 e5 43. Qb8 Ke6 44. Qc8+ Qd7 45. Qc4+ Kf6 46.
Qe4 g5 47. Kb3 h4 48. c4 Qd1+ 49. Kc3 Qg1 50. Qxb7 Qxg2 51. Qxa6+ Kg7 52. Qd6
Qxf3+ 53. Kb2 h3 54. Qxe5+ Qf6 55. Qxf6+ Kxf6 56. b5 h2 57. b6 h1=Q 58. a6 Qc6
59. b7 Qb6+ 60. Kc3 Ke7 61. Kd3 0-1

[Event "Autunno Scacchistico Magistrale"]
[Site "Venezia ITA"]
[Date "2004.11.01"]
[Round "5"]
[White "Pechy, Alaster"]
[Black "Pfeifer, Andreas"]
[Result "1-0"]
[WhiteElo "2154"]
[BlackElo "2129"]
[PlyCount "33"]
[EventDate "2004.10.29"]

1. e4 e6 2. c4 d5 3. exd5 exd5 4. d4 Bb4+ 5. Nc3 Ne7 6. a3 Bxc3+ 7. bxc3 O-O 8.
Bd3 Bf5 9. Nf3 Nbc6 10. O-O Qd7 11. cxd5 Qxd5 12. c4 Qd6 13. Bb2 Rad8 14. d5 b5
15. Bxf5 Nxf5 16. dxc6 Qxc6 17. Qc2 1-0

[Event "Autunno Scacchistico Magistrale"]
[Site "Venezia ITA"]
[Date "2004.11.01"]
[Round "5"]
[White "Quaranta, Cristiano"]
[Black "Fontana, Enrico"]
[Result "1-0"]
[WhiteElo "2091"]
[BlackElo "2123"]
[PlyCount "73"]
[EventDate "2004.10.29"]

1. d4 d6 2. e4 g6 3. Nc3 Bg7 4. Be3 Nd7 5. Qd2 c6 6. h4 h5 7. f3 Qa5 8. Nh3 Nh6
9. Ng5 d5 10. e5 e6 11. Qf2 Nf5 12. g4 Nxe3 13. Qxe3 Qb4 14. O-O-O b6 15. Qf4
Qe7 16. gxh5 Rxh5 17. Bd3 Bh6 18. Rdg1 Bb7 19. Kb1 O-O-O 20. Qg3 Bxg5 21. hxg5
Rdh8 22. Rxh5 Rxh5 23. f4 Qf8 24. Be2 Rh7 25. Bf3 Qh8 26. Qg2 Ba6 27. Rh1 Rxh1+
28. Qxh1 Qxh1+ 29. Bxh1 c5 30. dxc5 bxc5 31. Nxd5 exd5 32. Bxd5 Bb7 33. Bxf7
Be4 34. e6 Kd8 35. exd7 Kxd7 36. Kc1 Ke7 37. Bg8 1-0

[Event "Autunno Scacchistico Magistrale"]
[Site "Venezia ITA"]
[Date "2004.11.01"]
[Round "5"]
[White "Rigo, Gianfrancesco"]
[Black "Giuriati, Paolo"]
[Result "0-1"]
[WhiteElo "2045"]
[BlackElo "2190"]
[PlyCount "112"]
[EventDate "2004.10.29"]

1. e4 c6 2. d4 d5 3. e5 Na6 4. Nc3 Bf5 5. a3 e6 6. Nge2 Ne7 7. Ng3 Bg6 8. h4 h6
9. Nce2 c5 10. Nf4 Bh7 11. Nfh5 Qa5+ 12. Bd2 Qa4 13. Be3 Bxc2 14. Qd2 c4 15.
Rc1 Bg6 16. Be2 Nb8 17. Bd1 Qd7 18. Bxh6 Rxh6 19. Qxh6 gxh6 20. Nf6+ Kd8 21.
Nxd7 Nxd7 22. Rc3 Nc6 23. Ne2 b5 24. Rg3 Bh7 25. h5 a5 26. Rh4 Ke8 27. Nc3 Rb8
28. Rf4 b4 29. axb4 axb4 30. Na4 c3 31. bxc3 b3 32. Nb2 Ba3 33. Rg7 Bf5 34.
Rg8+ Ke7 35. Rxb8 Ncxb8 36. Bxb3 Bxb2 37. Kd2 Nb6 38. g4 Bh7 39. Rf6 Kf8 40.
Rxh6 Kg7 41. Rf6 N8d7 42. Rf3 Ba3 43. Rg3 Be7 44. f4 Be4 45. g5 Nc4+ 46. Bxc4
dxc4 47. Ke3 Bf5 48. Rg1 Nb6 49. Ra1 Nd5+ 50. Kf3 Nxc3 51. Ra7 Nd5 52. Ra8 c3
53. Kg3 c2 54. Rc8 Ba3 55. Kh4 c1=Q 56. h6+ Kh7 0-1

[Event "Autunno Scacchistico Magistrale"]
[Site "Venezia ITA"]
[Date "2004.11.01"]
[Round "5"]
[White "Solinas, Carlo"]
[Black "Lain, Luigi"]
[Result "0-1"]
[WhiteElo "2094"]
[BlackElo "2262"]
[PlyCount "98"]
[EventDate "2004.10.29"]

1. e4 e5 2. d4 exd4 3. f4 d5 4. e5 Bb4+ 5. Nd2 Ne7 6. a3 Ba5 7. b4 Bb6 8. Bd3
a5 9. b5 c5 10. bxc6 bxc6 11. Ngf3 Bd7 12. Ng5 h6 13. e6 hxg5 14. exd7+ Nxd7
15. Qg4 gxf4 16. Nf3 Kf8 17. O-O Nf6 18. Qxf4 c5 19. Ng5 Qc7 20. Rb1 c4 21.
Nh7+ Rxh7 22. Bxh7 Qxf4 23. Rxf4 Bc7 24. Rh4 g6 25. Bh6+ Ke8 26. Rb7 Bd6 27.
Bg5 Ne4 28. Bf4 Nf5 29. Rg4 Bxf4 30. Rxf4 d3 31. cxd3 cxd3 32. Rxf5 gxf5 33.
Bxf5 d2 34. Bg4 Rc8 35. h4 Rc1+ 36. Kh2 Rh1+ 37. Kxh1 Nf2+ 38. Kg1 Nxg4 39. Rb1
Ne3 40. Kf2 d1=Q 41. Rxd1 Nxd1+ 42. Ke2 Nb2 43. Ke3 Nc4+ 44. Kd4 Nxa3 45. Kxd5
a4 46. Kd4 Nb5+ 47. Kc4 f5 48. Kb4 a3 49. Kb3 f4 0-1

[Event "Autunno Scacchistico Magistrale"]
[Site "Venezia ITA"]
[Date "2004.11.01"]
[Round "5"]
[White "Vancini, Edoardo"]
[Black "Kiss, Pal"]
[Result "1/2-1/2"]
[WhiteElo "2288"]
[BlackElo "2394"]
[PlyCount "94"]
[EventDate "2004.10.29"]

1. e4 c5 2. Nc3 Nc6 3. g3 g6 4. Bg2 Bg7 5. d3 d6 6. Be3 e6 7. Qd2 Rb8 8. Nf3 e5
9. O-O Nge7 10. Nh4 O-O 11. f4 exf4 12. Bxf4 Be6 13. Bh6 Ne5 14. Bxg7 Kxg7 15.
Ne2 f6 16. Nf3 N7c6 17. b3 Qb6 18. Kh1 Rbd8 19. Nf4 Bf7 20. Bh3 g5 21. Nxe5
dxe5 22. Ne6+ Bxe6 23. Bxe6 Qb4 24. Qg2 Qc3 25. Rac1 Rd6 26. Bd5 b5 27. a4 b4
28. h4 h6 29. Rf2 Qd4 30. Rcf1 Rxd5 31. exd5 Ne7 32. Qe4 Qxd5 33. hxg5 hxg5 34.
Rh2 f5 35. Qxd5 Nxd5 36. Re1 Re8 37. Kg1 Nf6 38. Kg2 Ng4 39. Rh5 Kg6 40. Reh1
e4 41. Rh8 Re5 42. Re1 Rd5 43. Ra8 exd3 44. cxd3 Rxd3 45. Re6+ Kf7 46. Rc6 Rd2+
47. Kf1 Nh2+ 1/2-1/2

[Event "Autunno Scacchistico Magistrale"]
[Site "Venezia ITA"]
[Date "2004.11.01"]
[Round "5"]
[White "Verducci, Gianni"]
[Black "Bdair, Bilal"]
[Result "1/2-1/2"]
[WhiteElo "2045"]
[BlackElo "2004"]
[PlyCount "82"]
[EventDate "2004.10.29"]

1. e4 c5 2. Nc3 d6 3. Nge2 Nc6 4. g3 g6 5. Bg2 Bg7 6. O-O e6 7. d3 Nge7 8. f4
O-O 9. h3 Nd4 10. g4 Rb8 11. Ng3 f5 12. Nce2 b5 13. c3 Nxe2+ 14. Qxe2 b4 15.
Bd2 a5 16. exf5 gxf5 17. Rae1 Bd7 18. Nh5 Ng6 19. Nxg7 Kxg7 20. g5 Nh4 21. Bh1
Qe8 22. d4 cxd4 23. Qf2 dxc3 24. bxc3 Ng6 25. Qd4+ Kf7 26. cxb4 Qe7 27. bxa5
Rfc8 28. Bb4 e5 29. Qxd6 Rxb4 30. Bd5+ Kf8 31. fxe5 Rd4 32. Qxe7+ Nxe7 33. Bb7
Rc2 34. a6 Rxa2 35. e6 Bb5 36. Rd1 Rxd1 37. Rxd1 Ng6 38. Rd5 Ra1+ 39. Kf2 Ra2+
40. Kg1 Ra1+ 41. Kf2 Ra2+ 1/2-1/2

[Event "Autunno Scacchistico Magistrale"]
[Site "Venezia ITA"]
[Date "2004.11.01"]
[Round "6"]
[White "Bonafede, Alessandro"]
[Black "Rigo, Gianfrancesco"]
[Result "1/2-1/2"]
[WhiteElo "2103"]
[BlackElo "2045"]
[PlyCount "56"]
[EventDate "2004.10.29"]

1. e4 e5 2. Nf3 Nc6 3. Bb5 a6 4. Ba4 Nf6 5. O-O Be7 6. Re1 b5 7. Bb3 d6 8. c3
O-O 9. h3 Na5 10. Bc2 c5 11. d4 Qc7 12. d5 c4 13. Nbd2 Nb7 14. Nf1 Nc5 15. Ng3
Bd7 16. Nh2 Rfe8 17. f4 exf4 18. Bxf4 Bf8 19. Bg5 Be7 20. Nf3 h6 21. Bf4 Bf8
22. Qd2 g5 23. Bxg5 hxg5 24. Qxg5+ Bg7 25. Rad1 Nh7 26. Qh5 Nf6 27. Qg5 Nh7 28.
Qh5 Nf6 1/2-1/2

[Event "Autunno Scacchistico Magistrale"]
[Site "Venezia ITA"]
[Date "2004.11.01"]
[Round "6"]
[White "Caligara, Roberto"]
[Black "Gonzales, Guillermo"]
[Result "1-0"]
[WhiteElo "1939"]
[BlackElo "1976"]
[PlyCount "87"]
[EventDate "2004.10.29"]

1. e4 e5 2. Nf3 Nc6 3. Bc4 Bc5 4. b4 Bxb4 5. c3 Ba5 6. d4 Nf6 7. dxe5 Nxe4 8.
Qd5 Qe7 9. Qxe4 d6 10. O-O Bd7 11. Bd5 h6 12. Ba3 f5 13. exf6 Qxe4 14. Bxe4
O-O-O 15. fxg7 Rhg8 16. Bb2 Rxg7 17. Nbd2 Rdg8 18. g3 Bh3 19. Rfe1 h5 20. Nc4
Bb6 21. Nxb6+ axb6 22. Bd5 Rf8 23. c4 Rg6 24. Nd4 Ne5 25. Rad1 Bg4 26. Rd2 h4
27. f4 hxg3 28. hxg3 Nd7 29. f5 Rh6 30. Rh2 Rxh2 31. Kxh2 Ne5 32. Re3 c6 33.
Be6+ Kc7 34. Kg2 Ra8 35. Ra3 Rh8 36. f6 Bxe6 37. Nxe6+ Kd7 38. Bxe5 dxe5 39.
Ng5 Rf8 40. Ne4 Ke6 41. Kf3 Kf5 42. g4+ Kg6 43. Rd3 Rh8 44. Rd7 1-0

[Event "Autunno Scacchistico Magistrale"]
[Site "Venezia ITA"]
[Date "2004.11.01"]
[Round "6"]
[White "Cedriano, Filippo"]
[Black "Faccia, Sergio"]
[Result "1/2-1/2"]
[WhiteElo "2062"]
[BlackElo "2005"]
[PlyCount "25"]
[EventDate "2004.10.29"]

1. e4 e5 2. Nf3 f5 3. Nxe5 Qf6 4. d4 d6 5. Nc4 fxe4 6. Ne3 c6 7. Be2 d5 8. c4
Bb4+ 9. Nc3 Ne7 10. cxd5 Nxd5 11. Nexd5 cxd5 12. Be3 Be6 13. Qb3 1/2-1/2

[Event "Autunno Scacchistico Magistrale"]
[Site "Venezia ITA"]
[Date "2004.11.01"]
[Round "6"]
[White "Cereda, Loris"]
[Black "Pfeifer, Andreas"]
[Result "0-1"]
[WhiteElo "2002"]
[BlackElo "2129"]
[PlyCount "100"]
[EventDate "2004.10.29"]

1. e4 e6 2. Nf3 d5 3. exd5 exd5 4. d4 Bg4 5. h3 Qe7+ 6. Be3 Qb4+ 7. Nbd2 Bh5 8.
Qc1 Nd7 9. c3 Qb6 10. Ne5 f6 11. Nxd7 Kxd7 12. c4 c6 13. cxd5 cxd5 14. Qc2 Ne7
15. Nb3 Ke8 16. g4 Bg6 17. Bd3 Rc8 18. Qe2 Kf7 19. O-O Nc6 20. f4 Bxd3 21. Qxd3
Nb4 22. Qf5 Qe6 23. Qxe6+ Kxe6 24. a3 Nd3 25. Nd2 Bd6 26. f5+ Kd7 27. Rab1 Rc2
28. b4 Re8 29. Rf3 Rxe3 30. Rxe3 Rxd2 31. Rb3 Nc1 32. Rb1 Ne2+ 33. Kf1 Nxd4 34.
a4 Nc2 35. Reb3 d4 36. h4 d3 37. g5 Be5 38. g6 Bd4 39. Rxd3 Rf2+ 40. Kg1 Rxf5+
41. Rxd4+ Nxd4 42. gxh7 Ne2+ 43. Kg2 Rh5 44. Rd1+ Kc7 45. Kf3 Rxh7 46. Kg4 Nf4
47. Rc1+ Kd6 48. Rh1 Nd5 49. Rd1 g6 50. Rd4 Ke5 0-1

[Event "Autunno Scacchistico Magistrale"]
[Site "Venezia ITA"]
[Date "2004.11.01"]
[Round "6"]
[White "Fattorelli, Luciano"]
[Black "Foglia, Maurizio"]
[Result "0-1"]
[WhiteElo "2107"]
[BlackElo "2075"]
[PlyCount "82"]
[EventDate "2004.10.29"]

1. e4 Nf6 2. e5 Nd5 3. d4 d6 4. Nf3 g6 5. Bc4 Nb6 6. Bb3 Bg7 7. Qe2 Nc6 8. O-O
Bf5 9. Na3 Qd7 10. exd6 cxd6 11. c3 O-O 12. Bf4 e5 13. dxe5 dxe5 14. Rad1 Qe7
15. Rfe1 Rfe8 16. Qf1 Qc5 17. Be3 Qa5 18. Nb5 Re7 19. Ng5 Bf6 20. Nxf7 Rxf7 21.
Nd6 Nd8 22. Bxb6 Qxb6 23. Qc4 Be6 24. Qxe6 Nxe6 25. Bxe6 Raf8 26. Bxf7+ Rxf7
27. Nxf7 Kxf7 28. b3 Ke6 29. Kf1 g5 30. h3 h5 31. g4 Qc6 32. Re3 hxg4 33. hxg4
Qh1+ 34. Ke2 Qg2 35. Rg3 Qe4+ 36. Re3 Qxg4+ 37. Kd2 Qf4 38. Ke2 g4 39. Rg1 Bh4
40. Rg2 Qf5 41. Rd3 Qe4+ 0-1

[Event "Autunno Scacchistico Magistrale"]
[Site "Venezia ITA"]
[Date "2004.11.01"]
[Round "6"]
[White "Fontana, Enrico"]
[Black "Fantini, Lorenzo"]
[Result "1-0"]
[WhiteElo "2123"]
[BlackElo "2117"]
[PlyCount "39"]
[EventDate "2004.10.29"]

1. e4 e5 2. Nf3 Nc6 3. Bb5 a6 4. Ba4 b5 5. Bb3 Nf6 6. O-O Bc5 7. c3 d6 8. h3
O-O 9. d4 exd4 10. cxd4 Bb6 11. Bg5 Bb7 12. Nc3 h6 13. Bh4 g5 14. Bg3 b4 15.
Nd5 Nxe4 16. Qd3 Nxg3 17. Nxb6 cxb6 18. Qg6+ Kh8 19. Qxh6+ Kg8 20. Nxg5 1-0

[Event "Autunno Scacchistico Magistrale"]
[Site "Venezia ITA"]
[Date "2004.11.01"]
[Round "6"]
[White "Genna, Jose' Miguel"]
[Black "Opacic, Alexandar"]
[Result "1/2-1/2"]
[WhiteElo "2215"]
[BlackElo "2105"]
[PlyCount "55"]
[EventDate "2004.10.29"]

1. e4 c5 2. Nf3 e6 3. d4 cxd4 4. Nxd4 a6 5. Nc3 Qc7 6. Be2 Nf6 7. Bf3 Nc6 8.
O-O Nxd4 9. Qxd4 Bc5 10. Qd3 h5 11. g3 Ng4 12. Bxg4 hxg4 13. Qe2 Qe5 14. Qxg4
d6 15. Bf4 Qf6 16. Qg5 Qxg5 17. Bxg5 f6 18. Be3 Bxe3 19. fxe3 b5 20. a3 Bb7 21.
Rfd1 Ke7 22. Rd4 Rac8 23. Rad1 Rhd8 24. a4 Rc5 25. axb5 axb5 26. Ra1 Ra8 27.
Rxa8 Bxa8 28. Kf2 1/2-1/2

[Event "Autunno Scacchistico Magistrale"]
[Site "Venezia ITA"]
[Date "2004.11.01"]
[Round "6"]
[White "Kasparov, Sergey"]
[Black "Doric, Darko"]
[Result "1/2-1/2"]
[WhiteElo "2468"]
[BlackElo "2324"]
[PlyCount "21"]
[EventDate "2004.10.29"]

1. e4 c5 2. Nf3 d6 3. d4 cxd4 4. Nxd4 Nf6 5. f3 Nc6 6. c4 Qb6 7. Nc2 e6 8. Nc3
Be7 9. Bd3 O-O 10. Be3 Qa5 11. O-O 1/2-1/2

[Event "Autunno Scacchistico Magistrale"]
[Site "Venezia ITA"]
[Date "2004.11.01"]
[Round "6"]
[White "Kiss, Pal"]
[Black "Del Monaco, Andrea"]
[Result "1/2-1/2"]
[WhiteElo "2394"]
[BlackElo "2218"]
[PlyCount "114"]
[EventDate "2004.10.29"]

1. d4 Nf6 2. c4 e6 3. Nf3 Bb4+ 4. Bd2 a5 5. g3 d6 6. Bg2 Nbd7 7. O-O e5 8. Be3
exd4 9. Bxd4 O-O 10. Nc3 Re8 11. Qc2 c6 12. Rfd1 Qe7 13. e3 Ne5 14. Nd2 Bg4 15.
f3 Be6 16. b3 h5 17. e4 h4 18. a3 Bc5 19. Bxc5 dxc5 20. Nf1 hxg3 21. hxg3 g5
22. Qd2 Nh5 23. Qf2 Qf6 24. Na4 b6 25. Rab1 Rab8 26. Ne3 b5 27. Nxc5 bxc4 28.
bxc4 Rxb1 29. Rxb1 Nxc4 30. Nxc4 Bxc4 31. Rc1 Be6 32. Bf1 Rb8 33. Rc2 Rb1 34.
Kg2 Ra1 35. Nxe6 Qxe6 36. Qd4 Ra2 37. Rxa2 Qxa2+ 38. Kh3 Qxa3 39. Qd8+ Kh7 40.
Qxg5 Qxf3 41. Bg2 Qe2 42. Qxa5 Ng7 43. Qg5 Ne6 44. Qf5+ Kg7 45. e5 Qc4 46. Kh2
c5 47. Be4 Qe2+ 48. Kh1 Qe1+ 49. Kh2 Qe2+ 50. Kg1 Qe1+ 51. Kh2 Qd2+ 52. Kg1 c4
53. Qh7+ Kf8 54. Qh8+ Ke7 55. Qf6+ Kf8 56. Qh8+ Ke7 57. Qf6+ Kf8 1/2-1/2

[Event "Autunno Scacchistico Magistrale"]
[Site "Venezia ITA"]
[Date "2004.11.01"]
[Round "6"]
[White "Lain, Luigi"]
[Black "Bianchi, Andrea"]
[Result "0-1"]
[WhiteElo "2262"]
[BlackElo "2130"]
[PlyCount "56"]
[EventDate "2004.10.29"]

1. d4 d5 2. c4 e6 3. Nc3 Be7 4. cxd5 exd5 5. Qc2 g6 6. f3 Nc6 7. e3 Bf5 8. e4
dxe4 9. fxe4 Nxd4 10. Qa4+ Qd7 11. exf5 Qxa4 12. Nxa4 Nc2+ 13. Kd1 Nxa1 14. Bf4
O-O-O+ 15. Kc1 Rd4 16. Bd2 Rxa4 17. Kb1 Nf6 18. Bb5 Rg4 19. g3 Rd8 20. Nf3 Ne4
21. Bf4 gxf5 22. Ne5 Rgg8 23. Nxf7 Nf2 24. Rc1 Rd1 25. Rxd1 Nxd1 26. Bc4 Re8
27. Bb5 Rf8 28. Bc4 Bf6 0-1

[Event "Autunno Scacchistico Magistrale"]
[Site "Venezia ITA"]
[Date "2004.11.01"]
[Round "6"]
[White "Miladinovic, Igor"]
[Black "Pechy, Alaster"]
[Result "1-0"]
[WhiteElo "2611"]
[BlackElo "2154"]
[PlyCount "49"]
[EventDate "2004.10.29"]

1. d4 Nf6 2. Bg5 e6 3. e3 c5 4. c3 b6 5. Nd2 Bb7 6. Ngf3 Nc6 7. Bd3 Be7 8. Bxf6
Bxf6 9. Qe2 Qc8 10. h4 d5 11. dxc5 bxc5 12. e4 Be7 13. exd5 exd5 14. O-O-O O-O
15. Ng5 g6 16. f4 c4 17. Bc2 d4 18. Nxc4 dxc3 19. h5 Bxg5 20. fxg5 cxb2+ 21.
Kb1 Ba6 22. hxg6 fxg6 23. Rxh7 Rf2 24. Qxf2 Bxc4 25. Rh8+ 1-0